Longest Coastlines Minefield Quiz Stats

 Plays Quiz Updated Oct 17, 2018

Challenge
Share
Tweet
Embed
Score 0/51 Timer 12:00
3 Plays Today
Rank Country % Correct
9???
82.7%
1???
80.6%
4???
74.8%
16???
70.4%
8???
70.2%
19???
66.3%
11???
66%
14???
65.3%
6???
59.2%
18???
58.8%
24???
58%
13???
57.1%
2???
55%
7???
50.1%
39???
48.9%
10???
47%
15???
45.2%
26???
42.5%
3???
40.9%
33???
38.9%
5???
38.4%
12???
33.6%
27???
33.3%
35???
31.6%
28???
30.1%
17???
26.2%
Rank Country % Correct
41???
23.8%
48???
23.2%
34???
22.1%
32???
21.4%
37???
19.6%
25???
19%
23???
16.3%
30???
16.1%
46???
16%
36???
13.6%
49???
12.8%
45???
12.8%
38???
11.8%
47???
11.5%
21???
10.3%
44???
7.4%
20???
7.3%
50???
7%
22???
6.3%
40???
5.8%
31???
5.5%
43???
5.4%
MINE???
4.9%
42???
3.8%
29???
2.6%

You're not logged in!

Compare scores with friends on all Sporcle quizzes.
Join for Free
OR
Log In

You Might Also Like...

Show Comments

Extras

Top Quizzes Today


Score Distribution

Your Account Isn't Verified!

In order to create a playlist on Sporcle, you need to verify the email address you used during registration. Go to your Sporcle Settings to finish the process.

Report this User

Report this user for behavior that violates our Community Guidelines.

Details: